| 000 | 00516nam a2200145 a 4500 | ||
|---|---|---|---|
| 008 | 120416s0000 ||||||||||||||||| || u | ||
| 020 | _a0748703586 | ||
| 050 | _aPN 3117 Dor | ||
| 100 | _aJohnson, Liz | ||
| 245 | 1 | 0 | _aDorothy Heathcote |
| 246 | _acollected writings on education and drama | ||
| 260 |
_aCheltenham _bStanley Thornes _c1984 |
||
| 350 | _a0.00 | ||
| 995 |
_D0.00 _FCBU-MAIN LIBRARY (Kitwe) _H1 _I6.95 _M1 _UAVAILABLE _ZAnnex Low-Usage Collection |
||
| 999 |
_c40464 _d40464 |
||